书目信息 |
| 题名: |
大西洋
|
|
| 作者: | 吴廷辉 编 | |
| 分册: | ||
| 出版信息: | 北京 商务印书馆 1982.11 |
|
| 页数: | 170页 | |
| 开本: | 19cm | |
| 丛书名: | ||
| 单 册: | ||
| 中图分类: | P725-49 | |
| 科图分类: | ||
| 主题词: | 海洋学--区域 | |
| 电子资源: | ||
| ISBN: | ||
| 000 | 00550nam0 2200217 45 | |
| 001 | 0405241706 | |
| 005 | 20040923144428.3 | |
| 010 | @dCNY0.61 | |
| 091 | @a12017.281 | |
| 100 | @a20040524d1982 km y0chiy0120 ea | |
| 101 | 0 | @achi |
| 105 | @a z 000yy | |
| 200 | 1 | @a大西洋@ADa Xi Yang@f吴廷辉编@FWu Ting Hui Bian |
| 210 | @a北京@c商务印书馆@d1982.11 | |
| 215 | @a170页@d19cm | |
| 300 | @a地理知识读物 | |
| 606 | 0 | @a海洋学@x区域 |
| 690 | @aP725-49 | |
| 701 | 0 | @a吴廷辉@4编 |
| 801 | @aCN@bPftUser@c20040524 | |
| 905 | @dP725-49@e19@f1@b157232 | |
| 大西洋/吴廷辉编.-北京:商务印书馆,1982.11 |
| 170页;19cm |
| 地理知识读物 |
| ISBN :CNY0.61 |
| ● |
| 相关链接 |
|
|
|
|
正题名:大西洋
索取号:P725-49/19
 
预约/预借
| 序号 | 登录号 | 条形码 | 馆藏地/架位号 | 状态 | 备注 |
| 1 | 0157232 | 001961906 | 密集书库/ [索取号:P725-49/19] | 在馆 |